Ideas combo edition 41-44. (Record no. 15342)

000 -LEADER
fixed length control field 00612nam a2200193 a 4500
001 - CONTROL NUMBER
control field :::00014001$&:&@@
003 - CONTROL NUMBER IDENTIFIER
control field OkBaRHE
005 - DATE AND TIME OF LATEST TRANSACTION
control field 20100331122649.0
008 - FIXED-LENGTH DATA ELEMENTS--GENERAL INFORMATION
fixed length control field s1988 j 000 0 eng u
040 ## - CATALOGING SOURCE
Transcribing agency
100 1# - MAIN ENTRY--PERSONAL NAME
Personal name Rice, Wayne and McLaughlin, Tim
245 10 - TITLE STATEMENT
Title Ideas combo edition 41-44.
260 ## - PUBLICATION, DISTRIBUTION, ETC. (IMPRINT)
Place of publication, distribution, etc El Cajon, CA.,
Name of publisher, distributor, etc Youth Specialties, Inc.
Date of publication, distribution, etc 1988
300 ## - PHYSICAL DESCRIPTION
Extent 199 p. ;
Dimensions 28cm.
650 ## - SUBJECT ADDED ENTRY--TOPICAL TERM
Topical term or geographic name as entry element Youth Ministry
700 ## - ADDED ENTRY--PERSONAL NAME
Personal name McLaughlin, Tim, Joint Editor.
942 ## - ADDED ENTRY ELEMENTS (KOHA)
Source of classification or shelving scheme
Koha item type Books
Copies
Withdrawn status Full call number Date last seen Not for loan Barcode Date acquired Shelving location Lost status Damaged status Source of classification or shelving scheme Koha item type Price effective from Permanent Location Copy number
 BV 4447 .R53 V.41-442010-04-14 140012010-04-14General Stacks   Books2010-04-14RHEMA Bible Training College1